MARC

LEADER 00000nam0a2200000 4500
001 357345
005 20231102011001.0
035 |a (RuTPU)RU\TPU\retro\14613 
090 |a 357345 
100 |a 20200804d1897 m y0rusy50 ca 
101 0 |a rus 
102 |a RU 
105 |a y z 000zy 
200 1 |a Рыболовство и рыбопромышленность на Ольхоне  |e отдельный оттиск  |f Н. Л. Левин 
210 |a Иркутск  |c Типо-литография П. И. Макушина  |d 1897 
215 |a 38 с. 
225 1 |a Известия восточно-сибирского отдела Русского географического общества  |v Т. 28, вып. 1, 1897 год 
300 |a Текст в русской дореформенной орфографии 
606 1 |a Рыбное хозяйство  |x Сельское хозяйство  |2 stltpush  |3 (RuTPU)RU\TPU\subj\26421  |9 50352 
610 1 |a рыболовство 
610 1 |a Ольхон 
610 1 |a Байкал 
610 1 |a рыбный промысел 
610 1 |a рыболовные артели 
610 1 |a рыбная промышленность 
610 1 |a нерпа 
610 1 |a Коллекция В. А. Обручева 
610 1 |a дары библиотеке 
675 |a 636/639  |v 4 
700 1 |a Левин  |b Н. Л. 
801 1 |a RU  |b 63413507  |c 20200804 
801 2 |a RU  |b 63413507  |c 20221201  |g RCR 
942 |c BK